Marvel Characters by Clue - Statistics

General Stats
  • This quiz has been taken 32 times
  • The average score is 38 of 62
Answer Stats
Hint Name Answer % Correct
Giant Green Monster Robert Banner Hulk
100%
The "Golden Avenger" Anthony Stark Iron Man
100%
God of Thunder Donald Blake Thor
100%
The First Avenger Steven Rogers Captain America
96%
Ability to Shrink Hank Pym Ant-Man
93%
SHIELD Assassin Natasha Romanova Black Widow
93%
Great With Bows Clint Barton Hawkeye
93%
Wakandan King T'Challa Black Panther
89%
Green Daughter of Thanos N/A Gamora
89%
Gun-Loving Raccoon N/A Rocket Raccoon
89%
Boyfriend of ^ Peter Quill Star Lord
89%
Web Slinger Peter Parker Spiderman
85%
Hard as Rock Benjamin Grimm Thing
85%
Photon Blasts Carol Danvers Captain Marvel
81%
Ability to Stretch Reed Richards Mr. Fantastic
81%
Ability to Shrink Janet Van Dyne Wasp
81%
Neurosurgeon Stephen Strange Dr. Strange
78%
Mechanical Wing Suit Samuel Wilson Falcon
78%
Invisibility Susan Storm Invisible Woman
78%
Ability to Stretch Kamala Khan Ms. Marvel
78%
Metal Arm James Barnes Winter Soldier
78%
Demigod Son of Zeus N/A Hercules
74%
Power of Fire James Hammond Human Torch
74%
Blue Daughter of Thanos N/A Nebula
74%
Green Lawyer Jennifer Walters She-Hulk
74%
Big Blue, Wall Climbing Henry Mcoy Beast
70%
Metal Claws James Howlett Wolverine
70%
Greek God of War N/A Ares
67%
Eye Lasers Scott Summers Cyclops
67%
Ice Power Robert Drake Iceman
67%
Telekinesis Charles Xavier Professor X
67%
Power of Weather Ororo Munroe Storm
67%
Tony's Best Buddy James Rhodes War Machine
67%
Wings Warren Worthington III Angel
63%
Half-Vampire Erik Brooks Blade
63%
Deadly Accuracy, Cards Remy LeBeau Gambit
63%
Teleportation, Prehensile Tail Kurt Wagner Nightcrawler
63%
Turns to Metal Piotr Rasputin Colossus
59%
Tattoos, Superstrong Arthur Douglas Drax the Destroyer
59%
UK Version of Captain America Brian Braddock Captain Britain
56%
Power Absorption Anna-Marie LeBeau Rogue
56%
Rodent Girl Doreen Green Squirrel Girl
56%
Powerful Hand Blasts Daniel Rand Iron Fist
52%
Power if Chi Daniel Rand'Kai Iron Fist
52%
Gun-Lover, Crossbones Frank Castiglione Punisher
52%
Captain America Look-Alike Jonathon Walker Us Agent
52%
Can Alter Object Into Weapons Jonathan Blaze Ghost Rider
44%
Loud Screeching Sean Cassidy Banshee
41%
Can Absorb and Project Energy Alexander Summers Havok
41%
Scary Bug Lady N/A Mantis
37%
Given the Power of the Phoenix Jean Grey Marvel Girl
37%
Thor Look-Alike N/A Beta Ray Bill
33%
Living Rocket Sam Alexander Nova
30%
Can Phase Through Matter N/A Kitty Pryde
26%
Great With Swords Jacques DuQuesne Swordsman
26%
Can Phase Through Matter N/A Vision
26%
Telepathy N/A Emma Frost
22%
Cat Lady Greer Grant Nelson Tigra
22%
Can Sense Power/Radiation Patsy Walker Hellcat
19%
Power of 1,000 Exploding Suns Richard Rider Sentry
19%
Shapeshifting Kevin Sydney Morph
7%
Can Mentally Change Body Size Noh-Varr Marvel Boy
4%
No matching quizzes found
Score Distribution
Percent of People with Each Score
Percentile by Number Answered
Your Score History
You have not taken this quiz